banner-ar

حقوق الانسان : بين النظم الوضعية والشريعة الاسلامية / (Record no. 44517)

MARC details
000 -الفاتح
حقل البيانات ثابتة الطول 00612nam a2200193Ia 4500
008 - عناصر البيانات ثابتة الطول - معلومات عامة
حقل البيانات ثابتة الطول 140319s9999 xx 000 0 ara d
040 ## - مصدر الفهرسة
وكالة الفهرسة الأصلية GCL /
وكالة النسخ GCL
082 04 - رقم تصنيف ديوى العشرى
رقم التصنيف 323.4
رقم المادة ح ج
100 1# - المدخل الرئيسى - إسم شخصى
الإسم الشخصى حمود حمبلى
245 10 - بيان العنوان
العنوان حقوق الانسان : بين النظم الوضعية والشريعة الاسلامية /
بيان المسئوليه,etc حمود حمبلى
300 ## - الوصف المادى
التعداد 449 ص
490 ## - بيان السلسلة
عنوان السلسلة سلسلة المعرفة
رقم المجلد/ التعيين التسلسلي 0
650 04 - المدخل الاضافى بالموضوع-مصطلح موضوعى
مصطلح موضوعي الحقوق السياسية
650 04 - المدخل الاضافى بالموضوع-مصطلح موضوعى
مصطلح موضوعي حقوق الانسان
650 04 - المدخل الاضافى بالموضوع-مصطلح موضوعى
مصطلح موضوعي الحقوق المدنية
650 04 - المدخل الاضافى بالموضوع-مصطلح موضوعى
مصطلح موضوعي حق الاجتماع
942 ## - عناصر المدخل الإضافي( كوها)
مصدر التصنيف او مخطط الترفيف Dewey Decimal Classification
Koha [default] item type كتاب
Holdings
حالة التراجع حالة الفقد حالة تلف ليس للاعارة المكان المؤقت الموقع الحالى تاريخ الاكتساب اجمالي اﻻعارات رقم الطلب الباركود تاريخ اخر مشاهدة تاريخ تفعيل السعر نوع وعاء كوها
        مكتبة القاهرة الكبرى مكتبة القاهرة الكبرى 03/26/2014   323.4\ح ج 108613 03/26/2014 03/26/2014 كتاب

Powered By

EGPV